Identifikácia jednotlivých prístupov k nákladom v služby poskytujúcom podniku bakalárska práca

Saved in:
Bibliographic Details
Main Author: Dzurillová, Mária
Corporate Author: Fakulta hospodárskej informatiky EU. Katedra účtovníctva a audítorstva
Other Authors: Mokošová, Daša, 1979-
Format: Book
Language:Slovak
Published: Bratislava 2021
Tags: Add Tag
No Tags, Be the first to tag this record!

MARC

LEADER 00000nbm a2200000 4500
001 0276331
005 20220322141148.1
041 0 |a slo 
044 |a SK 
245 1 0 |a Identifikácia jednotlivých prístupov k nákladom v služby poskytujúcom podniku  |b bakalárska práca  |c Mária Dzurillová ; školiteľ: Daša Mokošová 
264 1 |a Bratislava  |c 2021 
300 |a 43 s. 
100 1 |a Dzurillová, Mária 
700 1 |a Mokošová, Daša, 1979- 
710 2 |a Fakulta hospodárskej informatiky EU. Katedra účtovníctva a audítorstva